Taco Hemingway - 1-800-OŚWIECENIE - Statystyki

Ogólne statystyki
  • Ten quiz został rozwiązany 470 razy
  • Średni wynik to 10 z 14
Statystyki odpowiedzi
Odpowiedź % Poprawnych
1-800-OŚWIECENIE
96%
Cichosza
86%
Makarena freestyle
85%
Gelato
84%
Mix Sałat
82%
Nametag
80%
Całe lata
78%
Niedziela
76%
Pakiet platinium
76%
1000 dni freestyle
68%
Main stage freestyle
68%
Może to coś zmieni?
66%
Codziennie
62%
EINECEIWŚO 800-1
22%
Nie znaleziono quizów pasujących do podanych kryteriów
Rozkład punktacji
Procent ludzi z każdym wynikiem
Percentyl według liczby udzielonych odpowiedzi
Twoja historia wyników
Nie rozwiązałeś tego quizu